| 000 | 00780cab a2200241 4500 | ||
|---|---|---|---|
| 001 | WB2910-18 | ||
| 008 | 090401t1993 xxu||||| |||| 00| 0 eng d | ||
| 035 | _a(Sirsi) u68031 | ||
| 041 | _aeng | ||
| 245 | _aMapping assisted areas | ||
| 260 | _c1993 | ||
| 350 | _a0 | ||
| 490 |
_aFinancial Times _v9 March 1993, 8(1) |
||
| 520 | _aThe Government is reviewing assisted areas. According to EC rules not more than 35% of population can be included so some areas must lose their status to allow new applications to succeed. (Map) | ||
| 650 | _aASSISTED AREAS | ||
| 650 | _aDERELICT LAND GRANT | ||
| 650 | _aEC REGIONAL DEVELOPMENT FUNDING | ||
| 650 | _aREGIONAL POLICY | ||
| 690 | _aECONOMIC AND SOCIAL | ||
| 690 | _aURBAN RENEWAL | ||
| 942 | _n0 | ||
| 948 | _c04/03/1997 | ||
| 999 |
_c42645 _d42645 |
||